NFL First-Round Running Backs (2010-2022) - Statistics

General Stats
  • This quiz has been taken 981 times
    674 since last reset
  • The average score is 14 of 21
Answer Stats
Year/Pick School Team Answer % Correct
2023 / 8 Texas ATL Bijan Robinson
93%
2018 / 2 Penn St. NYG Saquon Barkley
93%
2016 / 4 Ohio St. DAL Ezekiel Elliott
92%
2019 / 24 Alabama LV Josh Jacobs
92%
2021 / 24 Alabama PIT Najee Harris
92%
2023 / 12 Alabama DET Jahmyr Gibbs
91%
2021 / 25 Clemson JAX Travis Etienne
90%
2017 / 8 Stanford CAR Christian McCaffrey
88%
2020 / 32 LSU KC Clyde Edwards-Helaire
85%
2017 / 4 LSU JAX Leonard Fournette
83%
2015 / 10 Georgia STL Todd Gurley
79%
2011 / 28 Alabama NO Mark Ingram
67%
2015 / 15 Wisconsin SD Melvin Gordon
67%
2018 / 31 Georgia NE Sony Michel
64%
2018 / 27 San Diego St. SEA Rashaad Penny
63%
2012 / 3 Alabama CLE Trent Richardson
50%
2012 / 31 Boise St. TB Doug Martin
43%
2010 / 9 Clemson BUF CJ Spiller
34%
2010 / 12 Fresno St. SD Ryan Matthews
24%
2010 / 30 California DET Jahvid Best
20%
2012 / 32 Virginia Tech NYG David Wilson
15%
No matching quizzes found
Score Distribution
Percent of People with Each Score
Percentile by Number Answered
Your Score History
You have not taken this quiz since the last reset